000 00610cas a22002175a 4500
001 L103429
008 070621c1894 xxkbr p 0 a0eng u
022 1 _a0023-7574
035 _a(Sirsi) u103429
041 0 _aeng
110 2 _aUnited Committee for the Taxation of Land Values
_9446
240 _aLand and Liberty Communique
245 _aLand and Liberty
260 _aLondon
_bLand and Liberty Press
_c1894-
362 0 _aAugust 1967-111(1210) Late Summer 2004
554 _aFour per year
651 4 _aUnited Kingdom
_y
690 _aPROPERTY
710 2 _aHenry George Foundation
942 _n0
999 _c118712
_d118712